Loading...
| History - World | 3 | 1 | 1 | 1 | 50 | 48 | 66.00 | 2 | 4 | 0.00 | 0.00 |
| History - Other | 1 | 3 | 0 | 0 | 45 | 20 | 81.75 | 1 | 1 | 0.00 | 0.00 |
| Science - Biology | 1 | 2 | 0 | 0 | 35 | 68 | 107.33 | 2 | 3 | 0.00 | 0.00 |
| Literature - British | 0 | 3 | 0 | 0 | 30 | 90 | 107.33 | 0 | 1 | 0.00 | 0.00 |
| History - European | 1 | 2 | 1 | 1 | 30 | 40 | 99.00 | 1 | 2 | 0.00 | 0.00 |
| Fine Arts - Other Arts | 1 | 1 | 0 | 0 | 25 | 73 | 85.00 | 1 | 2 | 0.00 | 0.00 |
| Religion | 0 | 2 | 0 | 0 | 20 | 99 | 107.50 | 0 | 1 | 0.00 | 0.00 |
| Literature - American | 0 | 2 | 0 | 1 | 20 | 135 | 137.00 | 0 | 0 | 0.00 | 0.00 |
| History - American | 1 | 0 | 0 | 0 | 15 | 48 | 48.00 | 1 | 1 | 0.00 | 0.00 |
| Literature - European | 1 | 0 | 0 | 0 | 15 | 52 | 52.00 | 0 | 1 | 0.00 | 0.00 |
| Fine Arts - Classical Music and Opera | 0 | 1 | 0 | 0 | 10 | 103 | 103.00 | 0 | 0 | 0.00 | 0.00 |
| Literature - World | 0 | 1 | 0 | 0 | 10 | 113 | 113.00 | 0 | 1 | 0.00 | 0.00 |
| Modern World | 0 | 1 | 0 | 0 | 10 | 72 | 72.00 | 0 | 1 | 0.00 | 0.00 |
| Mythology | 0 | 1 | 0 | 0 | 10 | 140 | 140.00 | 0 | 0 | 0.00 | 0.00 |
| Other Academic | 0 | 1 | 0 | 0 | 10 | 68 | 68.00 | 1 | 1 | 0.00 | 0.00 |
| Philosophy | 0 | 1 | 0 | 1 | 10 | 146 | 146.00 | 0 | 0 | 0.00 | 0.00 |
| Geography | 0 | 1 | 1 | 0 | 5 | 122 | 122.00 | 0 | 1 | 0.00 | 0.00 |
| Social Science | 0 | 0 | 1 | 0 | -5 | 0.00 | 0 | 0 | 0.00 | 0.00 |